The science of yoga: the risks and the rewards
| Main Author: | |
|---|---|
| Contributors: | |
| Format: | Print Book |
| Language: | English |
| Subito Delivery Service: | Order now. |
| Check availability: | HBZ Gateway |
| Interlibrary Loan: | Interlibrary Loan for the Fachinformationsdienste (Specialized Information Services in Germany) |
| Published: |
New York [u.a.]
Simon & Schuster
2012
|
| In: | Year: 2012 |
| Edition: | 1st Simon & Schuster hardcover ed. |
| Standardized Subjects / Keyword chains: | B
Yoga
B Western world / Yoga / Fitness / Wellness / Health risk |
| Further subjects: | B
Life Sciences / Generals / SCIENCE
B HEALTH & FITNESS / Generals B Hatha Yoga B Introduction B HEALTH & FITNESS / Yoga |
MARC
| LEADER | 00000cam a2200000 c 4500 | ||
|---|---|---|---|
| 001 | 1615225676 | ||
| 003 | DE-627 | ||
| 005 | 20251225195840.0 | ||
| 007 | tu | ||
| 008 | 120208s2012 xxu||||| 00| ||eng c | ||
| 010 | |a 2011020408 | ||
| 020 | |a 9781451641424 |c hardback |9 978-1-4516-4142-4 | ||
| 020 | |a 9781451641431 |c pbk. |9 978-1-4516-4143-1 | ||
| 020 | |a 9781451641448 |c ebook |9 978-1-4516-4144-8 | ||
| 035 | |a (DE-627)1615225676 | ||
| 035 | |a (DE-576)358372801 | ||
| 035 | |a (DE-599)BSZ358372801 | ||
| 040 | |a DE-627 |b ger |c DE-627 |e rakwb | ||
| 041 | |a eng | ||
| 044 | |c XD-US | ||
| 050 | 0 | |a RA781.7 | |
| 082 | 0 | |a 613.7046 | |
| 084 | |a 6,24 |a 0 |2 ssgn | ||
| 100 | 1 | |8 1\p |0 (DE-588)171990668 |0 (DE-627)69688688X |0 (DE-576)132867001 |4 aut |a Broad, William |d 1951- | |
| 109 | |a Broad, William 1951- |a Broad, William J. 1951- | ||
| 245 | 1 | 4 | |a The science of yoga |b the risks and the rewards |c William J. Broad. Ill. by Bobby Clennell |
| 250 | |a 1st Simon & Schuster hardcover ed. | ||
| 264 | 1 | |a New York [u.a.] |b Simon & Schuster |c 2012 | |
| 300 | |a XXXI, 298 S. |b Ill. | ||
| 336 | |a Text |b txt |2 rdacontent | ||
| 337 | |a ohne Hilfsmittel zu benutzen |b n |2 rdamedia | ||
| 338 | |a Band |b nc |2 rdacarrier | ||
| 583 | 1 | |a Archivierung/Langzeitarchivierung gewährleistet |c 20211213 |f SLG |x XA-DE-BW |z IGPP |2 pdager |5 DE-25 | |
| 583 | 1 | |a Archivierung/Langzeitarchivierung gewährleistet |f SSG |x XA-DE-BW |2 pdager |5 DE-16-77 | |
| 650 | 0 | |a Hatha Yoga | |
| 650 | 0 | |a HEALTH & FITNESS / Yoga | |
| 650 | 0 | |a SCIENCE / Life Sciences / General | |
| 650 | 0 | |a HEALTH & FITNESS / General | |
| 655 | 7 | |a Einführung |0 (DE-588)4151278-9 |0 (DE-627)104450460 |0 (DE-576)209786884 |2 gnd-content | |
| 689 | 0 | 0 | |d s |0 (DE-588)4067199-9 |0 (DE-627)106109936 |0 (DE-576)209168773 |2 gnd |a Yoga |
| 689 | 0 | |5 (DE-627) | |
| 689 | 1 | 0 | |d g |0 (DE-588)4079237-7 |0 (DE-627)104197226 |0 (DE-576)209211644 |2 gnd |a Westliche Welt |
| 689 | 1 | 1 | |d s |0 (DE-588)4067199-9 |0 (DE-627)106109936 |0 (DE-576)209168773 |2 gnd |a Yoga |
| 689 | 1 | 2 | |d s |0 (DE-588)4071235-7 |0 (DE-627)106098403 |0 (DE-576)209183128 |2 gnd |a Fitness |
| 689 | 1 | 3 | |d s |0 (DE-588)7529555-6 |0 (DE-627)512585296 |0 (DE-576)254176143 |2 gnd |a Wellness |
| 689 | 1 | 4 | |d s |0 (DE-588)4071808-6 |0 (DE-627)104516682 |0 (DE-576)209184973 |2 gnd |a Gesundheitsgefährdung |
| 689 | 1 | |5 (DE-627) | |
| 700 | 1 | |a Clennell, Bobby |4 oth | |
| 883 | |8 1\p |a cgwrk |d 20250301 |q DE-101 |u https://d-nb.info/provenance/plan#cgwrk | ||
| 935 | |a mteo | ||
| 951 | |a BO | ||
| ELC | |b 1 | ||
| LOK | |0 000 xxxxxcx a22 zn 4500 | ||
| LOK | |0 001 4426928176 | ||
| LOK | |0 003 DE-627 | ||
| LOK | |0 004 1615225676 | ||
| LOK | |0 005 20231218173930 | ||
| LOK | |0 008 231205||||||||||||||||ger||||||| | ||
| LOK | |0 040 |a DE-Tue135 |c DE-627 |d DE-Tue135 | ||
| LOK | |0 092 |o n | ||
| LOK | |0 852 |a DE-Tue135 | ||
| LOK | |0 852 1 |9 00 | ||
| LOK | |0 935 |a hdsa | ||
| LOK | |0 939 |a 05-12-23 |b l01 | ||
| ORI | |a SA-MARC-ixtheoa001.raw | ||
| REL | |a 1 | ||
| STA | 0 | 0 | |a Fitness,Health risk,Wellness,Western world,Western world,Yoga,Yoga |
| STB | 0 | 0 | |a Bien-être,Fitness,Monde occidental,Risque pour la santé,Yoga,Yoga |
| STC | 0 | 0 | |a Bien-estar,Fitness,Estado físico,Estado físico,Mundo occidental,Riesgo para la salud,Yoga,Yoga |
| STD | 0 | 0 | |a Fitness,Mondo occidentale,Rischio per la salute,Wellness,Benessere,Benessere,Yoga,Yoga |
| STE | 0 | 0 | |a 瑜伽 |
| STF | 0 | 0 | |a 瑜伽,體適能 |
| STG | 0 | 0 | |a Bem-estar,Fitness,Aptidão física,Aptidão física,Ioga,Ioga,Mundo ocidental,Perigo para a saúde |
| STH | 0 | 0 | |a Велнес,Wellness,Западный мир (мотив),Йога (мотив),Йога,Риск для здоровья,Фитнес |
| STI | 0 | 0 | |a Γιόγκα (μοτίβο),Γιόγκα,Δυτικός κόσμος (μοτίβο),Ευεξία,Wellness,Κίνδυνος για την υγεία,Φυσική κατάσταση,Fitness |
| SUB | |a REL | ||
| SYG | 0 | 0 | |a Joga,Körperliches Yoga,Therapeutisches Yoga , Westliche Staaten,Westen,Der Westen , Joga,Körperliches Yoga,Therapeutisches Yoga , Medical wellness , Gesundheitsgefahr,Gesundheitsrisiko,Gesundheitsbelastung,Gesundheitliches Risiko |



